Statistics for Taylor Swift mystery lyrics #38

Click here to take the quiz!

General Stats

  • This quiz has been taken 30 times
  • The average score is 230 of 286

Answer Stats

Answer% Correct
a
100%
on
100%
You
100%
you
100%
your
100%
Your
100%
and
96%
And
96%
I
96%
in
96%
it
96%
Love
96%
no
96%
No
96%
So
96%
so
96%
the
96%
could
93%
for
93%
me
93%
of
93%
out
93%
to
93%
we
93%
you're
93%
You're
93%
go
89%
Her
89%
is
89%
not
89%
that
89%
there
89%
was
89%
Don't
86%
don't
86%
had
86%
hand
86%
My
86%
my
86%
She
86%
what
86%
all
82%
couldn't
82%
have
82%
heart
82%
our
82%
said
82%
their
82%
they
82%
this
82%
This
82%
up
82%
But
79%
head
79%
How
79%
it's
79%
know
79%
made
79%
never
79%
Never
79%
night
79%
once
79%
One
79%
while
79%
Because
75%
Champagne
75%
champagne
75%
friends
75%
here
75%
just
75%
keep
75%
leave
75%
Left
75%
money
75%
Now
75%
problems
75%
reason
75%
say
75%
Sometimes
75%
thing
75%
think
75%
told
75%
two
75%
Well
75%
we'll
75%
dancing
71%
fucked
71%
hurt
71%
knees
71%
or
71%
pocket
71%
ready
71%
remember
71%
show
71%
sit
71%
standing
71%
they'll
71%
train
71%
watched
71%
won't
71%
word
71%
would've
71%
you'll
71%
again
68%
answer
68%
booked
68%
bride
68%
crowd
68%
deck
68%
dropped
68%
family
68%
find
68%
give
68%
glass
68%
group
68%
hold
68%
lovely
68%
nerve
68%
real
68%
ring
68%
shame
68%
she's
68%
soon
68%
such
68%
sure
68%
through
68%
wallet
68%
which
68%
with
68%
worse
68%
asks
64%
bottle
64%
celebrating
64%
door
64%
evergreen
64%
halls
64%
hometown
64%
instead
64%
shred
64%
sister
64%
sleepers
64%
someone's
64%
speech
64%
splashed
64%
'til
64%
walked
64%
beyond
61%
brought
61%
called
61%
crowds
61%
dorm
61%
flannel
61%
joke
61%
landing
61%
madhouse
61%
one's
61%
patch
61%
picture
61%
reaches
61%
skeptics
61%
speechless
61%
tapestry
61%
touch
61%
Bustling
57%
Chevy
57%
crestfallen
57%
cure
57%
Midas
57%
mom's
57%
November
57%
She'll
57%
silent
57%
flush
54%
applauded
50%
Dom
50%
Perignon
50%
slipped
50%

Score Distribution

Percentile by Number Answered

Percent of People with Each Score

Your Score History

You have not taken this quiz